000 00299nam a22001337a 4500
008 170203b xxu||||| |||| 00| 0 eng d
020 _a9780071481526
041 _aeng
080 _a61
100 _a3
101 _aSHM
245 _aMANUALOF LABORATORU DIAGNOSTIC TESTS
_cHILLS.G
942 _2udc
_cBK
999 _c4387
_d4387